[Event "European Blitz 2015"]
[Site "Minsk BLR"]
[Date "2015.12.18"]
[Round "4.23"]
[White "Bortnyk, Mykola"]
[Black "Katashuk, V"]
[Result "1-0"]
[WhiteTitle "IM"]
[BlackTitle "FM"]
[WhiteElo "2416"]
[BlackElo "2200"]
[WhiteFideId "14120836"]
[BlackFideId "13505432"]
[EventDate "2015.12.18"]
[EventType "swiss (blitz)"]

1. e4 e5 2. Nf3 Nc6 3. Bb5 f5 4. d3 d6 5. Nc3 Nf6 6. Bg5 Be7 7. Bxf6 Bxf6 8. Nd5
O-O 9. Qd2 Kh8 10. c3 a6 11. Ba4 Be6 12. Bb3 Na5 13. Bc2 Bxd5 14. exd5 b5 15. b4
Nb7 16. O-O Qd7 17. a4 c6 18. Bb3 c5 19. c4 cxb4 20. axb5 e4 21. dxe4 Bxa1 22.
Rxa1 axb5 23. Rxa8 Rxa8 24. h3 fxe4 25. Ng5 Ra1+ 26. Kh2 h6 27. Nxe4 bxc4 28.
Bxc4 Qf5 29. Ng3 Qe5 30. Qxb4 Qe1 31. Qxe1 Rxe1 32. Nf5 Rc1 33. Bb5 Rc5 34. Ba6
Na5 35. Ne3 g5 36. Kg3 Kg7 37. Kf3 Kf6 38. Ke4 Nb3 39. Bb7 Rc3 40. Bc6 Nd2+ 41.
Kd4 Ra3 42. Ng4+ Kg6 43. Be8+ Kg7 44. Ne3 Ra8 45. Nf5+ Kf6 46. Bc6 Ra3 47. Nxd6
Nb3+ 48. Kc4 Nd2+ 49. Kc5 Ra2 50. f3 Nb3+ 51. Kb6 Rb2 52. Kc7 Nd4 53. Ne4+ Ke5
54. Ba4 Rxg2 55. d6 Ne6+ 56. Kd7 Nf8+ 57. Ke7 Ng6+ 58. Ke8 Nf4 59. d7 Nd5 60.
d8=Q 1-0

[Event "European Blitz 2015"]
[Site "Minsk BLR"]
[Date "2015.12.18"]
[Round "4.24"]
[White "Demidov, Mikhail"]
[Black "Kolmakov, Pavel"]
[Result "1-0"]
[WhiteTitle "IM"]
[WhiteElo "2485"]
[BlackElo "2223"]
[WhiteFideId "4197143"]
[BlackFideId "4142349"]
[EventDate "2015.12.18"]
[EventType "swiss (blitz)"]

1. d4 Nf6 2. Bg5 Ne4 3. Bf4 c5 4. f3 Nf6 5. dxc5 Qa5+ 6. Qd2 Qxc5 7. Nc3 d6 8.
e4 a6 9. O-O-O Nbd7 10. g4 Ne5 11. g5 Nfd7 12. Be3 Qa5 13. Kb1 e6 14. Be2 Be7
15. h4 b5 16. f4 Nc4 17. Bxc4 bxc4 18. Nce2 Qxd2 19. Bxd2 Bb7 20. Ng3 Nc5 21.
Re1 Rb8 22. Nh3 O-O 23. Nf2 Na4 24. Nd1 Rfc8 25. Re3 d5 26. exd5 Bxd5 27. Ne4 c3
28. Bc1 Nxb2 29. Bxb2 Ba3 30. Rxc3 Bxb2 31. Rxc8+ Rxc8 32. Kxb2 Rxc2+ 33. Kxc2
Bxe4+ 34. Kc3 Bxh1 35. Kb4 f6 36. Ka5 e5 37. fxe5 fxe5 38. Kxa6 Kf7 39. Kb6 Ke6
40. a4 Kf5 41. a5 Kf4 42. a6 Kg3 43. Kc5 1-0

[Event "European Blitz 2015"]
[Site "Minsk BLR"]
[Date "2015.12.18"]
[Round "4.25"]
[White "Kuznetsov, Mikhail4"]
[Black "Belous, Vladimir"]
[Result "0-1"]
[BlackTitle "GM"]
[WhiteElo "2119"]
[BlackElo "2557"]
[WhiteFideId "380466"]
[BlackFideId "4174003"]
[EventDate "2015.12.18"]
[EventType "swiss (blitz)"]

1. e4 c5 2. d4 cxd4 3. c3 Nf6 4. e5 Nd5 5. cxd4 Nc6 6. Nc3 Nxc3 7. bxc3 d6 8. f4
Bf5 9. Nf3 e6 10. Bd3 Bg6 11. O-O Be7 12. Rb1 Qc7 13. Ba3 Rd8 14. Bxg6 hxg6 15.
Qb3 b6 16. Rbd1 Na5 17. Qa4+ Qd7 18. Qc2 Nc4 19. Bc1 Qb7 20. Qe2 Qd5 21. Nd2 Rc8
22. Ne4 b5 23. Rf3 a5 24. Rdf1 b4 25. Rd3 Qb5 26. cxb4 axb4 27. Rdf3 Qb6 28. Qf2
Bh4 29. g3 Be7 30. Kg2 d5 31. Nd2 Qa7 32. Nb3 Ra8 33. Qe1 Qxa2+ 34. R1f2 Qb1 35.
Nd2 Qf5 36. Qf1 Qh3+ 37. Kg1 Qxf1+ 38. Rxf1 Kd7 39. g4 Nxd2 40. Bxd2 Ra2 41.
R1f2 Rc8 42. Kg2 Rcc2 43. Be1 Rxf2+ 44. Rxf2 0-1

[Event "European Blitz 2015"]
[Site "Minsk BLR"]
[Date "2015.12.18"]
[Round "4.26"]
[White "Roiz, Michael"]
[Black "Kuznetsov, Mikhail V."]
[Result "1-0"]
[WhiteTitle "GM"]
[BlackTitle "FM"]
[WhiteElo "2594"]
[BlackElo "2341"]
[WhiteFideId "2804158"]
[BlackFideId "4194900"]
[EventDate "2015.12.18"]
[EventType "swiss (blitz)"]

1. Nf3 Nf6 2. g3 d5 3. Bg2 c6 4. O-O Bf5 5. c4 e6 6. d3 Nbd7 7. cxd5 exd5 8. e4
dxe4 9. dxe4 Bxe4 10. Re1 Be7 11. Nd4 Bxg2 12. Kxg2 O-O 13. Nc3 Re8 14. Bf4 Nb6
15. Nf5 Qxd1 16. Raxd1 Bb4 17. Be5 Nbd5 18. a3 Nxc3 19. bxc3 Bxa3 20. c4 Bb4 21.
Re2 Ng4 22. f4 f6 23. Rd7 Bf8 24. Rb2 g6 25. Nd6 fxe5 26. Nxe8 Rxe8 27. fxe5
Nxe5 28. Rdxb7 Nxc4 29. Ra2 a5 30. Kh3 Re7 31. Rb8 Rf7 32. Rc8 c5 33. Rc2 Nb6
34. Rc6 Rb7 35. Ra2 a4 36. Re6 c4 37. Rc6 a3 38. Kg4 Kg7 39. Kf3 Na4 40. Rxc4
Rb3+ 41. Kg4 1-0

[Event "European Blitz 2015"]
[Site "Minsk BLR"]
[Date "2015.12.18"]
[Round "4.27"]
[White "Kuzmin, Egor"]
[Black "Chigaev, Maksim"]
[Result "0-1"]
[WhiteTitle "FM"]
[BlackTitle "IM"]
[WhiteElo "2250"]
[BlackElo "2526"]
[WhiteFideId "24101737"]
[BlackFideId "4108116"]
[EventDate "2015.12.18"]
[EventType "swiss (blitz)"]

1. Nf3 g6 2. c4 Bg7 3. Nc3 c5 4. g3 Nc6 5. Bg2 e6 6. d3 Nge7 7. O-O O-O 8. Bg5
h6 9. Bd2 d6 10. a3 b6 11. Rb1 Bb7 12. b4 Qd7 13. Qb3 Nf5 14. e3 Rab8 15. Qa2
Rfd8 16. Rfd1 Rbc8 17. Be1 Ba8 18. bxc5 dxc5 19. Ne2 Ne5 20. Nxe5 Bxe5 21. Bxa8
Rxa8 22. Bc3 Qc7 23. Qb2 Bxc3 24. Qxc3 Rd7 25. Nf4 Ne7 26. a4 Nc6 27. h4 Rad8
28. Qf6 Qe5 29. Qxe5 Nxe5 30. a5 g5 31. hxg5 hxg5 32. Nh3 Nxc4 33. axb6 Nxb6 34.
Rdc1 Rxd3 35. Rxc5 Rd1+ 36. Rxd1 Rxd1+ 37. Kg2 Rd5 38. Rc7 a5 39. e4 Rb5 40. Rb7
a4 41. Nxg5 Rxg5 42. Rxb6 Ra5 43. Rb2 a3 44. Ra2 Kg7 45. Kf3 Kf6 46. Ke3 Kg5 47.
f3 Kf6 48. f4 Ra4 49. Kf3 e5 50. Ke3 Ke6 51. Kf3 Kd6 52. Kg4 Ke6 53. Kg5 f6+ 54.
Kg4 Ra5 55. Kf3 Kd6 56. Kg4 Kc5 57. Kf5 exf4 58. gxf4 Kd4+ 59. Kxf6 Kxe4 60. Ke6
Kxf4 61. Kd6 Ke4 62. Kc6 Kd4 63. Kb6 Ra8 64. Kb5 Ke5 0-1

[Event "European Blitz 2015"]
[Site "Minsk BLR"]
[Date "2015.12.18"]
[Round "4.28"]
[White "Gunina, Valentina"]
[Black "Loy, Konstantin"]
[Result "1-0"]
[WhiteTitle "GM"]
[WhiteElo "2502"]
[BlackElo "2222"]
[WhiteFideId "4167570"]
[BlackFideId "14122499"]
[EventDate "2015.12.18"]
[EventType "swiss (blitz)"]

1. d4 Nf6 2. c4 c5 3. d5 b5 4. cxb5 a6 5. bxa6 Bxa6 6. Nc3 g6 7. g3 Bg7 8. Nf3
d6 9. e4 Bxf1 10. Kxf1 O-O 11. Kg2 Nbd7 12. a4 Qb6 13. Re1 Qb7 14. Qe2 Ne8 15.
Bg5 Bf6 16. Bxf6 exf6 17. h4 Nc7 18. Qd2 Ne5 19. h5 Nxf3 20. Kxf3 g5 21. Kg2
Rfb8 22. Rab1 Qb4 23. Re3 Rxa4 24. Rf3 Ne8 25. Rxf6 Nxf6 26. Qxg5+ Kf8 27. Qxf6
Ra6 28. e5 Qb6 29. e6 Qb7 30. Re1 Re8 31. e7+ Kg8 32. h6 Raa8 1-0

[Event "European Blitz 2015"]
[Site "Minsk BLR"]
[Date "2015.12.18"]
[Round "4.29"]
[White "Poleshchuk, Dmitriy"]
[Black "Rakhmanov, Aleksandr"]
[Result "1-0"]
[BlackTitle "GM"]
[WhiteElo "2182"]
[BlackElo "2640"]
[WhiteFideId "13505238"]
[BlackFideId "4173708"]
[EventDate "2015.12.18"]
[EventType "swiss (blitz)"]

1. e4 c5 2. Nf3 Nf6 3. Nc3 d5 4. exd5 Nxd5 5. Bb5+ Bd7 6. Bxd7+ Qxd7 7. Nxd5
Qxd5 8. O-O Nc6 9. d3 g6 10. Bd2 Bg7 11. Bc3 Nd4 12. Nd2 O-O 13. Re1 e6 14. Nc4
b5 15. Ne3 Qc6 16. Ng4 Qd5 17. Bd2 f5 18. Ne3 Qd7 19. Bc3 a6 20. Bxd4 cxd4 21.
Nf1 Rac8 22. Re2 Rc5 23. Qd2 Rfc8 24. Rae1 R5c6 25. h3 Qd5 26. b3 Re8 27. Nh2 e5
28. Nf3 Rce6 29. c4 dxc3 30. Qxc3 e4 31. d4 exf3 32. Rxe6 Rxe6 33. Qc8+ Kf7 34.
Qc7+ Kf6 35. Rxe6+ Qxe6 36. Qd8+ Kf7 37. d5 Qe1+ 38. Kh2 Be5+ 1-0

[Event "European Blitz 2015"]
[Site "Minsk BLR"]
[Date "2015.12.18"]
[Round "4.30"]
[White "Inarkiev, Ernesto"]
[Black "Malyshev, Roman"]
[Result "1-0"]
[WhiteTitle "GM"]
[WhiteElo "2668"]
[BlackElo "2131"]
[WhiteFideId "4162722"]
[BlackFideId "24105325"]
[EventDate "2015.12.18"]
[EventType "swiss (blitz)"]

1. d4 d5 2. Nf3 Nf6 3. c4 c6 4. e3 Bf5 5. Nc3 e6 6. Nh4 Be4 7. f3 Bg6 8. Nxg6
hxg6 9. g3 Nbd7 10. Kf2 e5 11. cxd5 cxd5 12. dxe5 Nxe5 13. Bb5+ Nc6 14. Kg2 Be7
15. Qe2 a6 16. Ba4 O-O 17. Rd1 Bb4 18. Bd2 Qe7 19. Rac1 Rad8 20. Bxc6 bxc6 21.
Na4 Bxd2 22. Qxd2 Rc8 23. Qd4 Rfe8 24. Rc3 g5 25. h3 Nd7 26. Nc5 Nxc5 27. Rxc5
Qe6 28. Rd3 f5 29. b3 Re7 30. Rc2 Rf7 31. f4 gxf4 32. exf4 Re7 33. Rdc3 Qe1 34.
Qd3 Kh8 35. h4 Rce8 36. Qxf5 Re2+ 37. Kh3 Qf1+ 38. Kg4 Rxc2 39. Rxc2 Qd1+ 40.
Kg5 Qf3 1-0

[Event "European Blitz 2015"]
[Site "Minsk BLR"]
[Date "2015.12.18"]
[Round "4.31"]
[White "Burg, Brent"]
[Black "Kulaots, Kaido"]
[Result "0-1"]
[BlackTitle "GM"]
[WhiteElo "2230"]
[BlackElo "2574"]
[WhiteFideId "1019465"]
[BlackFideId "4500261"]
[EventDate "2015.12.18"]
[EventType "swiss (blitz)"]

1. c4 g6 2. g3 Bg7 3. Bg2 c5 4. Nf3 Nc6 5. O-O e6 6. Nc3 Nge7 7. d3 O-O 8. Rb1
b6 9. a3 Bb7 10. Bd2 d5 11. cxd5 exd5 12. b4 c4 13. dxc4 dxc4 14. Rc1 Qd7 15.
Bf4 Rfd8 16. Qxd7 Rxd7 17. Nb5 Nd5 18. Rxc4 Nxf4 19. gxf4 a6 20. Nc3 Rad8 21.
Ne5 Nxe5 22. fxe5 b5 23. Rc5 Bf8 24. Bc6 Bxc5 25. Bxd7 Bd4 26. Nxb5 Rxd7 27.
Nxd4 Rxd4 28. Rc1 Rd2 29. Kf1 Ra2 30. e6 fxe6 31. Rc7 Ra1+ 0-1

[Event "European Blitz 2015"]
[Site "Minsk BLR"]
[Date "2015.12.18"]
[Round "4.32"]
[White "Popov, Valerij"]
[Black "Bodyakovsky, Nikita"]
[Result "1-0"]
[WhiteTitle "GM"]
[WhiteElo "2528"]
[BlackElo "2171"]
[WhiteFideId "4119410"]
[BlackFideId "13500260"]
[EventDate "2015.12.18"]
[EventType "swiss (blitz)"]

1. Nf3 g6 2. c4 Bg7 3. Nc3 c5 4. g3 Nc6 5. Bg2 d6 6. e3 Nf6 7. d4 O-O 8. O-O Qc7
9. b3 e5 10. Bb2 Bg4 11. dxe5 dxe5 12. h3 Bf5 13. Qe2 Rad8 14. Rfd1 Rxd1+ 15.
Rxd1 Rd8 16. Nb5 Rxd1+ 17. Qxd1 Qe7 18. Qd6 e4 19. Nd2 Qxd6 20. Nxd6 Nb4 21.
Nxb7 Nd3 22. Ba3 Bf8 23. g4 Bc8 24. Na5 Be7 25. Nxe4 Nxe4 26. Bxe4 Ne5 27. f4
Nd7 28. Nc6 Bd6 29. Nxa7 Nf6 30. Nxc8 Nxe4 31. Nxd6 Nxd6 32. Bxc5 1-0

[Event "European Blitz 2015"]
[Site "Minsk BLR"]
[Date "2015.12.18"]
[Round "4.33"]
[White "Oblamski, Vladimir"]
[Black "Goganov, Aleksey"]
[Result "0-1"]
[BlackTitle "GM"]
[WhiteElo "2125"]
[BlackElo "2597"]
[WhiteFideId "13503979"]
[BlackFideId "24109959"]
[EventDate "2015.12.18"]
[EventType "swiss (blitz)"]

1. e4 c5 2. c3 d5 3. exd5 Qxd5 4. d4 Nc6 5. Nf3 Bf5 6. Be3 Nf6 7. Na3 cxd4 8.
Bc4 Qe4 9. Bxf7+ Kd7 10. O-O e6 11. cxd4 Bxa3 12. bxa3 Nd5 13. Re1 Qc2 14. Nh4
Qxd1 15. Raxd1 Rhf8 16. Bh5 Rac8 17. Nxf5 exf5 18. Bf3 Kd6 19. Bxd5 Kxd5 20. g3
Rfe8 21. Rb1 b6 22. Rb5+ Kd6 23. Rxf5 Nxd4 24. Ra1 0-1

[Event "European Blitz 2015"]
[Site "Minsk BLR"]
[Date "2015.12.18"]
[Round "4.34"]
[White "Motylev, Alexander"]
[Black "Ulasevich, Sergei"]
[Result "1-0"]
[WhiteTitle "GM"]
[WhiteElo "2653"]
[BlackElo "2108"]
[WhiteFideId "4121830"]
[BlackFideId "13505629"]
[EventDate "2015.12.18"]
[EventType "swiss (blitz)"]

1. e4 c5 2. Nf3 d6 3. d4 cxd4 4. Nxd4 Nf6 5. Nc3 g6 6. Be3 Bg7 7. f3 Nc6 8. Qd2
O-O 9. O-O-O Bd7 10. g4 Rc8 11. h4 Ne5 12. h5 Qa5 13. Kb1 Nxf3 14. Nxf3 Rxc3 15.
Qxc3 Qxc3 16. bxc3 Bxg4 17. Bg2 Nxe4 18. Bd4 e5 19. Rde1 Bxf3 20. Bxf3 Nd2+ 21.
Kc1 Nxf3 22. Ref1 Ng5 23. Bxa7 Ne4 24. h6 Bh8 25. Kb2 Ng3 26. c4 Nxh1 27. Rxh1
e4+ 28. Kb3 f5 29. Rd1 Be5 30. c5 Rd8 31. Bb6 Rd7 32. Kc4 Kf7 33. Kb5 e3 34. c6
bxc6+ 35. Kxc6 Ke6 36. Bxe3 f4 37. Bb6 g5 38. a4 Bc3 39. Rd3 Be1 40. Rd1 Bc3 41.
Rd3 Be1 42. Rd1 Bc3 43. a5 Bxa5 44. Bxa5 Ra7 45. Rxd6+ Kf5 46. Rd5+ Ke4 47. Rxg5
f3 48. Bb6 Ra2 49. Rg4+ Kf5 50. Rc4 Rb2 51. Bd4 Ra2 52. Kd5 Ra5+ 53. Rc5 Ra4 54.
Rc8 Kg6 55. Rf8 Ra3 56. c3 Kxh6 57. Rxf3 Kg5 58. Rf1 h5 59. Rg1+ Kf4 60. Be5+
Kf5 61. Rf1+ Kg4 62. c4 h4 63. c5 h3 64. c6 Rd3+ 65. Ke6 Rd2 66. c7 1-0

[Event "European Blitz 2015"]
[Site "Minsk BLR"]
[Date "2015.12.18"]
[Round "4.35"]
[White "Filipets, Egor"]
[Black "Landa, Konstantin"]
[Result "0-1"]
[BlackTitle "GM"]
[WhiteElo "2247"]
[BlackElo "2625"]
[WhiteFideId "13503928"]
[BlackFideId "4101685"]
[EventDate "2015.12.18"]
[EventType "swiss (blitz)"]

1. c4 c5 2. Nc3 Nc6 3. g3 g6 4. Bg2 Bg7 5. Nf3 d6 6. O-O e5 7. d3 Nge7 8. a3 a5
9. Rb1 O-O 10. Ne1 Be6 11. Nd5 Rb8 12. Nc2 b5 13. b4 cxb4 14. axb4 a4 15. Na3
Bxd5 16. cxd5 Nd4 17. Bb2 Qd7 18. Bxd4 exd4 19. Rc1 Rfc8 20. Qd2 Rc3 21. Nb1 Rb3
22. Rc2 Rc8 23. Rxc8+ Qxc8 24. Rc1 Qd7 25. Bf3 h5 26. e4 dxe3 27. fxe3 Nf5 28.
Bd1 Qe7 29. Bxb3 axb3 30. e4 Bd4+ 31. Kg2 Be3 32. Qd1 Bxc1 33. Qxc1 Nd4 34. Qc8+
Kh7 35. Qc3 Qa7 36. Nd2 Qa2 37. Qxd4 Qxd2+ 38. Kh3 b2 39. Qf6 Kg8 40. Qxd6 b1=Q
41. Qb8+ Kh7 42. Qc7 Qf1+ 43. Kh4 g5+ 0-1

[Event "European Blitz 2015"]
[Site "Minsk BLR"]
[Date "2015.12.18"]
[Round "4.36"]
[White "Huzman, Alexander"]
[Black "Cherepov, Alexej"]
[Result "1-0"]
[WhiteTitle "GM"]
[WhiteElo "2581"]
[BlackElo "2174"]
[WhiteFideId "2803828"]
[BlackFideId "13503650"]
[EventDate "2015.12.18"]
[EventType "swiss (blitz)"]

1. Nf3 Nf6 2. c4 c6 3. Nc3 d5 4. e3 e6 5. d4 Nbd7 6. Qc2 Bd6 7. Bd3 O-O 8. O-O
Re8 9. b3 b6 10. Bb2 Bb7 11. Rfd1 Rc8 12. Bf1 Qe7 13. a4 a5 14. cxd5 exd5 15. g3
c5 16. Qe2 Ne4 17. Nb5 Bb8 18. Bh3 Rcd8 19. Rac1 h6 20. Ba3 Bc6 21. Rc2 Ndf6 22.
Rdc1 g5 23. Bf5 Nd6 24. Nxd6 Bxd6 25. dxc5 bxc5 26. Bxc5 Ba8 27. Nd4 Ne4 28.
Bxe4 Qxe4 29. Bxd6 Rxd6 30. Rc8 Bb7 31. Rxe8+ Qxe8 32. Qb5 Qe7 33. Qxa5 Rd7 34.
Qb6 Qa3 35. Rc2 Kh7 36. Qf6 Kg8 37. h3 1-0

[Event "European Blitz 2015"]
[Site "Minsk BLR"]
[Date "2015.12.18"]
[Round "4.37"]
[White "Eidelson, Rakhil"]
[Black "Dzhumagaliev, Yan"]
[Result "1/2-1/2"]
[WhiteTitle "WGM"]
[BlackTitle "FM"]
[WhiteElo "2106"]
[BlackElo "2400"]
[WhiteFideId "13500210"]
[BlackFideId "24100110"]
[EventDate "2015.12.18"]
[EventType "swiss (blitz)"]

1. Nf3 c5 2. g3 Nc6 3. Bg2 d6 4. O-O h5 5. d4 cxd4 6. Nxd4 Bd7 7. h4 Nf6 8. Nc3
Rc8 9. e4 a6 10. Bg5 e6 11. Qd2 Be7 12. Rad1 Ne5 13. Nce2 Nc4 14. Qc1 b5 15. b3
Ne5 16. Rfe1 Qa5 17. a3 O-O 18. Nf4 Neg4 19. f3 Ne5 20. Bxf6 Bxf6 21. Nxh5 Bd8
22. Kh2 Ng6 23. Ne2 Qc7 24. c3 d5 25. exd5 Nxh4 26. d6 Qc5 27. Nhf4 Nxg2 28.
Kxg2 e5 29. Nd3 Qxd6 30. Qe3 Qxa3 31. Nb4 Be6 32. Qxe5 Bf6 33. Qf4 Qxb3 34. Nxa6
Rc4 35. Qe3 1/2-1/2

[Event "European Blitz 2015"]
[Site "Minsk BLR"]
[Date "2015.12.18"]
[Round "4.38"]
[White "Valov, Ilya"]
[Black "Zubritskiy, Artyom"]
[Result "0-1"]
[WhiteTitle "FM"]
[BlackTitle "FM"]
[WhiteElo "2228"]
[BlackElo "2422"]
[WhiteFideId "4199251"]
[BlackFideId "4181247"]
[EventDate "2015.12.18"]
[EventType "swiss (blitz)"]

1. d4 Nf6 2. Nf3 d5 3. Bf4 c5 4. e3 Qb6 5. b3 Nc6 6. c3 cxd4 7. exd4 Ne4 8. Be2
Bf5 9. O-O e6 10. Nfd2 Nf6 11. Nf3 Be7 12. Bd3 Bg4 13. Nbd2 Rc8 14. h3 Bh5 15.
Be2 O-O 16. Rc1 Ba3 17. Rb1 Bg6 18. Ne5 Nxe5 19. Bxe5 Nd7 20. Bf4 Rxc3 0-1

[Event "European Blitz 2015"]
[Site "Minsk BLR"]
[Date "2015.12.18"]
[Round "4.39"]
[White "Kovalev, Vladislav"]
[Black "Zelenko, Pavel"]
[Result "1-0"]
[WhiteTitle "GM"]
[WhiteElo "2546"]
[BlackElo "2164"]
[WhiteFideId "13504398"]
[BlackFideId "13503952"]
[EventDate "2015.12.18"]
[EventType "swiss (blitz)"]

1. e4 c5 2. Nf3 d6 3. Bb5+ Bd7 4. Bxd7+ Qxd7 5. d4 cxd4 6. Nxd4 Nf6 7. Nc3 Nc6
8. Bg5 e6 9. Bxf6 gxf6 10. Qd3 Rc8 11. O-O-O Ne5 12. Qh3 a6 13. f4 Nc4 14. f5 e5
15. Nb3 b5 16. Nd5 Be7 17. Nd2 Qc6 18. Nxc4 Qxc4 19. Qc3 Rg8 20. g3 Qxc3 21.
Nxc3 Rg4 22. Rhe1 Rc4 23. a3 Kd7 24. Rd3 Bd8 25. b3 Rc8 26. Nd5 h5 27. h3 Rg7
28. Kd2 a5 29. Rg1 a4 30. g4 hxg4 31. hxg4 Ba5+ 32. b4 Bd8 33. Rh3 Rc4 34. Kd3
Rd4+ 35. Ke3 Rc4 36. c3 Kc6 37. Kd3 Bb6 38. Rg2 Bd8 39. Rh8 Kd7 40. Rh6 Rc6 41.
Rg3 Rg8 42. Rh7 Ke8 43. Ke2 Kf8 44. Kf3 Rg7 45. Rgh3 Rxh7 46. Rxh7 Rc4 47. Rh8+ 1-0

[Event "European Blitz 2015"]
[Site "Minsk BLR"]
[Date "2015.12.18"]
[Round "4.40"]
[White "Vashchilov, Sergey"]
[Black "Rozum, Ivan"]
[Result "1/2-1/2"]
[BlackTitle "GM"]
[WhiteElo "2157"]
[BlackElo "2559"]
[WhiteFideId "13506676"]
[BlackFideId "24104272"]
[EventDate "2015.12.18"]
[EventType "swiss (blitz)"]

1. e4 c6 2. d4 d5 3. Nc3 dxe4 4. Nxe4 Bf5 5. Ng3 Bg6 6. h4 h6 7. h5 Bh7 8. Nf3
e6 9. Bd3 Bxd3 10. Qxd3 Nf6 11. Bd2 c5 12. O-O Nc6 13. c3 Be7 14. Qb5 Qb6 15.
Qxb6 axb6 16. Rfe1 O-O 17. Bf4 Rfd8 18. Bc7 Rdc8 19. Bxb6 c4 20. Ne5 Nd5 21. Bc5
Bxc5 22. dxc5 Nxe5 23. Rxe5 Rxc5 24. Ne4 Rc6 25. Nd2 b5 26. Re4 Nb6 27. Nf3 Na4
28. Re2 Rc5 29. Nd4 Rxh5 30. Rc2 Rd5 31. Nf3 Nc5 32. Nd4 Nb3 33. Nxb3 cxb3 34.
Re2 Rxa2 35. Rae1 g6 36. g3 h5 37. Kg2 Kg7 38. Kf3 Kf6 39. Rh1 Ra4 40. Kg2 Rc4
41. Rhe1 Rd3 42. Ra1 Ra4 43. Rae1 Ra2 44. Rh1 b4 45. cxb4 Rd4 46. Rh4 e5 47. Rh1 1/2-1/2

[Event "European Blitz 2015"]
[Site "Minsk BLR"]
[Date "2015.12.18"]
[Round "4.41"]
[White "Aleksandrov, Aleksej"]
[Black "Arshaev, Ajush"]
[Result "1-0"]
[WhiteTitle "GM"]
[WhiteElo "2615"]
[BlackElo "2152"]
[WhiteFideId "13500139"]
[BlackFideId "4107780"]
[EventDate "2015.12.18"]
[EventType "swiss (blitz)"]

1. d4 Nf6 2. c4 e6 3. Nc3 Bb4 4. e3 b6 5. f3 c5 6. d5 Bxc3+ 7. bxc3 d6 8. e4 O-O
9. Bg5 h6 10. Bh4 exd5 11. cxd5 Nbd7 12. Bd3 Re8 13. Ne2 a6 14. a4 Ne5 15. Bc2
Ng6 16. Bf2 Bd7 17. O-O b5 18. Bg3 Qc7 19. axb5 axb5 20. Qd2 Ne5 21. Rfb1 Nc4
22. Qd3 Na3 23. Rc1 Nxc2 24. Qxc2 Qb6 25. Bf2 Qb7 26. Bh4 Nh7 27. Bg3 Qb6 28.
Rcb1 Nf8 29. Bf2 Ng6 30. f4 Qd8 31. h3 Qe7 32. Rxa8 Rxa8 33. Be3 Re8 34. e5 dxe5
35. f5 Nf8 36. Ng3 Nh7 37. Rd1 c4 38. d6 Qd8 39. Ra1 Nf6 40. Qd2 Bc6 41. Ra7 Nd5
42. Bc5 e4 43. Qd4 e3 44. Ne2 Nf6 45. Rc7 Bd7 46. Bb6 Re4 47. Qc5 Qe8 48. Ra7
Re5 49. Qc7 Rxf5 50. Qb7 Kh7 51. Ra8 Qe5 52. Qa7 Qe4 53. Bxe3 Qb1+ 54. Kh2 Qe4
55. Ng3 Qe5 56. Qd4 Qxd4 57. Bxd4 Rd5 58. Bxf6 gxf6 59. Ne4 Kg7 60. Ra7 Bf5 61.
Ng3 Be6 62. Rb7 Rxd6 63. Rxb5 Rd3 64. Ne4 f5 65. Nc5 Rxc3 66. Rb7 Kf6 67. Nd7+
Bxd7 68. Rxd7 Rc1 69. Rd6+ Ke5 70. Rxh6 c3 71. Rc6 Kd4 72. h4 c2 73. h5 Kd3 74.
h6 Ra1 75. h7 Ra8 76. Rd6+ Kc3 77. Rc6+ Kd3 78. Rd6+ Ke2 79. Rc6 Kd2 80. Rd6+
Kc1 81. Rd7 Kb1 82. Rb7+ Ka1 83. Ra7+ Rxa7 84. h8=Q+ Kb1 85. Qb8+ Kc1 86. Qxa7
Kd1 87. Qd4+ Ke2 88. Qc3 1-0

[Event "European Blitz 2015"]
[Site "Minsk BLR"]
[Date "2015.12.18"]
[Round "4.42"]
[White "Belova, Olga"]
[Black "Mikhalevski, Victor"]
[Result "0-1"]
[WhiteTitle "WFM"]
[BlackTitle "GM"]
[WhiteElo "2006"]
[BlackElo "2535"]
[WhiteFideId "4138422"]
[BlackFideId "2801914"]
[EventDate "2015.12.18"]
[EventType "swiss (blitz)"]

1. e4 e5 2. Nf3 Nc6 3. Bb5 a6 4. Bxc6 dxc6 5. Nc3 f6 6. d4 exd4 7. Nxd4 c5 8.
Nde2 Qxd1+ 9. Nxd1 Bd7 10. Bd2 Ne7 11. Bc3 O-O-O 12. Ne3 Bc6 13. f3 Ng6 14. Nf5
Bd7 15. O-O-O Bxf5 16. Rxd8+ Kxd8 17. exf5 Nh4 18. g4 Nxf3 19. Nf4 Kc8 20. Ne6
Rg8 21. Rd1 Bd6 22. h3 b6 23. Rd3 Ne5 24. Bxe5 Bxe5 25. c3 g6 26. Rf3 h5 27. g5
Kd7 28. gxf6 Bxf6 29. Rd3+ Kc6 30. fxg6 Rxg6 31. Nf4 Bg5 0-1

[Event "European Blitz 2015"]
[Site "Minsk BLR"]
[Date "2015.12.18"]
[Round "4.43"]
[White "Milov, Vadim"]
[Black "Kultiyasov, Mikhail"]
[Result "1-0"]
[WhiteTitle "GM"]
[WhiteElo "2615"]
[BlackElo "2273"]
[WhiteFideId "1304364"]
[BlackFideId "13504100"]
[EventDate "2015.12.18"]
[EventType "swiss (blitz)"]

1. d4 Nf6 2. c4 g6 3. Nc3 Bg7 4. e4 d6 5. f3 O-O 6. Be3 Nc6 7. Nge2 a6 8. Nc1 e5
9. Nb3 exd4 10. Nxd4 Bd7 11. Be2 Rb8 12. O-O Re8 13. Qd2 Nxd4 14. Bxd4 b5 15.
cxb5 axb5 16. b4 Qe7 17. a3 c5 18. Bf2 Bc6 19. Rfd1 Red8 20. Rab1 c4 21. Bg3 Ne8
22. Bf1 Ra8 23. Nd5 Bxd5 24. Qxd5 Rxa3 25. Qxb5 c3 26. Rbc1 Ra2 27. Qc4 Rb2 28.
Rxc3 Bxc3 29. Qxc3 Ra2 30. Qb3 Ra7 31. b5 Rb7 32. Bc4 Nf6 33. Bh4 h6 34. Bd5 Rb6
35. Bc6 g5 36. Bf2 Rbb8 37. Qc3 Nd7 38. Qb3 Ne5 39. Bd5 Kh7 40. b6 f6 41. Ra1
Rd7 42. h3 Ng6 43. Bc6 Rdd8 44. Qc3 Ne5 45. Ra7 Nd7 46. Qd4 Kg6 47. Qa4 1-0

[Event "European Blitz 2015"]
[Site "Minsk BLR"]
[Date "2015.12.18"]
[Round "4.44"]
[White "Pugachev, Artem"]
[Black "Shtembuliak, Evgeny"]
[Result "0-1"]
[BlackTitle "FM"]
[WhiteElo "2215"]
[BlackElo "2420"]
[WhiteFideId "24169668"]
[BlackFideId "14113325"]
[EventDate "2015.12.18"]
[EventType "swiss (blitz)"]

1. e4 e6 2. d4 d5 3. Nc3 Nc6 4. Nf3 Nf6 5. e5 Ne4 6. Be2 Bb4 7. Qd3 b6 8. O-O
Nxc3 9. bxc3 Be7 10. Ne1 a5 11. Qg3 g6 12. Bb5 Bd7 13. Nd3 Na7 14. Bxd7+ Qxd7
15. Bg5 Nb5 16. Bf6 Nxc3 17. Rfe1 Ne4 18. Rxe4 dxe4 19. Bxh8 exd3 20. c3 O-O-O
21. Bf6 Bxf6 22. exf6 Qb5 23. Rd1 Qf5 24. h3 Qxf6 25. Rxd3 Kb7 26. Rf3 Qe7 27.
Qf4 Rd7 28. Qh6 Qa3 29. Qxh7 Qxa2 30. Rxf7 Rxf7 31. Qxf7 a4 32. Qxg6 a3 33. Qe4+
Qd5 34. Qb1 a2 0-1